[Event "1. Bundesliga 2017/2018"]
[Site "Maria Enzersdorf"]
[Date "2017.11.19"]
[Round "4"]
[Board "6"]
[White "De Francesco, Klaus"]
[Black "Beckhuis, Gernod"]
[Result "1/2-1/2"]
[WhiteElo "2295"]
[BlackElo "2247"]
[PlyCount "91"]
[EventDate "2017.11.16"]
[EventType "team"]
[EventRounds "11"]
[EventCountry "AUT"]
[WhiteTeam "Schachklub Absam"]
[BlackTeam "mpimmo Wien - SK Ottakring"]

1.d4 Nf6 2.c4 e6 3.Nc3 d5 4.Bg5 Be7 5.e3 O-O 6.Nf3 h6 7.Bh4 Nbd7 8.Bd3 c5 9.O-O cxd4
10.exd4 dxc4 11.Bxc4 Nb6 12.Bb3 Nbd5 13.Ne5 Nxc3 14.bxc3 Nd5 15.Bxe7 Nxe7 16.Qf3 Qc7
17.Rac1 Nc6 18.Rfe1 Nxe5 19.Rxe5 Bd7 20.Bc2 Rac8 21.Bb1 f5 22.c4 Rf6 23.Qe3 Rg6 24.Bd3
Bc6 25.f3 Qd6 26.c5 Qd7 27.Bc4 Bd5 28.Bxd5 exd5 29.Re7 Qa4 30.Rxb7 Qxa2 31.Qf2 Qa6
32.Qb2 Re8 33.Rb8 Rxb8 34.Qxb8+ Kh7 35.Qb2 Qd3 36.c6 Qxf3 37.Kh1 Qe3 38.h3 f4 39.c7
f3 40.c8=Q fxg2+ 41.Qxg2 Rxg2 42.Kxg2 Qe2+ 43.Kg1 Qe3+ 44.Kg2 Qe2+ 45.Kg1 Qe3+ 46.Kg2 1/2-1/2

[Event "1. Bundesliga 2017/2018"]
[Site "Maria Enzersdorf"]
[Date "2017.11.19"]
[Round "4"]
[Board "1"]
[White "Studer, Noël"]
[Black "Huschenbeth, Niclas"]
[Result "1/2-1/2"]
[WhiteElo "2463"]
[BlackElo "2560"]
[PlyCount "160"]
[EventDate "2017.11.16"]
[EventType "team"]
[EventRounds "11"]
[EventCountry "AUT"]
[WhiteTeam "SIR Royal Salzburg"]
[BlackTeam "Schachclub Sparkasse Goetzis"]

1.d4 d5 2.c4 dxc4 3.e3 e5 4.Bxc4 exd4 5.exd4 Bd6 6.Nf3 Nf6 7.Qe2+ Qe7 8.Qxe7+ Bxe7
9.Nc3 O-O 10.O-O a6 11.Re1 Bd6 12.Bg5 Nbd7 13.Bb3 b5 14.Nd5 h6 15.Bh4 Bb7 16.Ne7+
Bxe7 17.Rxe7 g5 18.Bg3 Bxf3 19.gxf3 c5 20.dxc5 Nxc5 21.Bc2 Rfe8 22.Bd6 Ne6 23.Rd1
Rac8 24.Bb3 Rxe7 25.Bxe7 Kg7 26.Bb4 Nf4 27.Kf1 Rc6 28.Bc3 Kf8 29.a3 Ke7 30.Bb4+ Ke8
31.a4 Ne6 32.Ra1 Nd4 33.Re1+ Ne6 34.Rd1 Nc7 35.a5 Ne6 36.Bc3 Ke7 37.Re1 Nd7 38.Bd5
Rc7 39.Bb4+ Kf6 40.Rd1 Ndc5 41.Rc1 Ke5 42.Ba8 Ra7 43.Bc3+ Kd6 44.Rd1+ Ke7 45.Bd5 Rd7
46.Bb4 Kf6 47.Bc3+ Ke7 48.Bb4 Kf6 49.Rd2 Rc7 50.Bc3+ Ke7 51.Re2 Rd7 52.Ba2 Nd3 53.Bb1
b4 54.Bd2 Kf6 55.Bxd3 Rxd3 56.Bxb4 Rxf3 57.Rd2 Rb3 58.Bc3+ Ke7 59.Rd5 Rb7 60.Be5 Rd7
61.Bf6+ Ke8 62.Re5 Rd3 63.Re4 Kd7 64.Be5 Kc6 65.Rb4 Nc5 66.Bc3 Nd7 67.h4 Rd5 68.hxg5
hxg5 69.Re4 f5 70.Re8 Nc5 71.Rc8+ Kb7 72.Rg8 Ne4 73.Be1 g4 74.Rg6 Rd6 75.Rg7+ Kc6
76.Rf7 Rf6 77.Re7 Kd5 78.Ke2 Re6 79.Rxe6 Kxe6 80.f3 gxf3+ 1/2-1/2

[Event "1. Bundesliga 2017/2018"]
[Site "Maria Enzersdorf"]
[Date "2017.11.19"]
[Round "4"]
[Board "2"]
[White "Georgiadis, Nico"]
[Black "Postny, Evgeny"]
[Result "1/2-1/2"]
[WhiteElo "2534"]
[BlackElo "2575"]
[PlyCount "173"]
[EventDate "2017.11.16"]
[EventType "team"]
[EventRounds "11"]
[EventCountry "AUT"]
[WhiteTeam "Schachclub Sparkasse Goetzis"]
[BlackTeam "SIR Royal Salzburg"]

1.d4 Nf6 2.c4 e6 3.g3 Bb4+ 4.Bd2 Bxd2+ 5.Qxd2 O-O 6.Bg2 d5 7.Nf3 c6 8.Nc3 Nbd7 9.b3
b6 10.O-O Ba6 11.Qc2 Rc8 12.Rfd1 b5 13.c5 b4 14.Na4 Bb5 15.Nb2 Ne4 16.a3 a5 17.e3
Ra8 18.Nd3 Nc3 19.Re1 Bxd3 20.Qxd3 Qf6 21.axb4 axb4 22.Ra6 Rac8 23.h4 e5 24.Nxe5 Nxe5
25.dxe5 Qxe5 26.Qd4 Qxd4 27.exd4 Nb5 28.Rd1 Nc3 29.Re1 Nb5 30.Rd1 Nc3 31.Rd2 Rfe8
32.Bh3 Rc7 33.Rb6 Re1+ 34.Bf1 g5 35.hxg5 Ra7 36.Kg2 Ne4 37.Re2 Rd1 38.f3 Nxg5 39.Rxc6
Ne6 40.Rd6 Raa1 41.Rf2 Rxd4 42.c6 Rdd1 43.f4 Rac1 44.f5 Ng5 45.Rd8+ Kg7 46.f6+ Kh6
47.Rg8 Re1 48.Rf4 Rc2+ 49.Kh1 Re4 50.Bg2 Rxf4 51.gxf4 Ne4 52.Rc8 Nxf6 53.c7 Kg7 54.Bf1
Rc5 55.Kg2 Ng8 56.Rd8 Rxc7 57.Rxd5 Rc2+ 58.Kg1 Nf6 59.Rg5+ Kf8 60.Bc4 Ne4 61.Rb5 Nd6
62.Rxb4 Nxc4 63.bxc4 Kg7 64.Ra4 Kg6 65.Ra6+ f6 66.Rc6 Kf5 67.c5 h5 68.Rc8 Kxf4 69.c6
Kg3 70.Rg8+ Kf3 71.Rh8 Rxc6 72.Rxh5 Kg3 73.Kf1 Rc1+ 74.Ke2 Rc2+ 75.Kf1 Rf2+ 76.Kg1
Rg2+ 77.Kf1 Rf2+ 78.Kg1 Ra2 79.Kf1 Ra1+ 80.Ke2 Kg4 81.Rb5 f5 82.Rb3 f4 83.Kf2 Ra2+
84.Kf1 f3 85.Rb8 Ra1+ 86.Kf2 Ra2+ 87.Kf1 1/2-1/2

[Event "1. Bundesliga 2017/2018"]
[Site "Maria Enzersdorf"]
[Date "2017.11.19"]
[Round "4"]
[Board "3"]
[White "Mons, Leon"]
[Black "Krassowizkij, Jaroslaw"]
[Result "1-0"]
[WhiteElo "2542"]
[BlackElo "2442"]
[PlyCount "73"]
[EventDate "2017.11.16"]
[EventType "team"]
[EventRounds "11"]
[EventCountry "AUT"]
[WhiteTeam "SIR Royal Salzburg"]
[BlackTeam "Schachclub Sparkasse Goetzis"]

1.c4 g6 2.Nc3 c5 3.e3 Nf6 4.d4 Bg7 5.d5 O-O 6.Nf3 d6 7.Be2 e5 8.e4 a6 9.O-O Ne8 10.a3
Nd7 11.b4 h6 12.g3 Kh7 13.Rb1 b6 14.Bd2 Nc7 15.Qc2 cxb4 16.axb4 a5 17.Nb5 Nxb5 18.cxb5
axb4 19.Bxb4 Nc5 20.Bxc5 dxc5 21.Nd2 Bh3 22.Rfd1 f5 23.Bf1 Bxf1 24.Kxf1 Qd7 25.Kg2
fxe4 26.Nxe4 Ra5 27.h4 Qf5 28.d6 Rfa8 29.d7 Rd8 30.Rd6 Kh8 31.Rxb6 Rxd7 32.Ra6 Rxa6
33.bxa6 Qe6 34.Rb7 Rxb7 35.axb7 Qb6 36.Nxc5 Bf8 37.Qb3 1-0

[Event "1. Bundesliga 2017/2018"]
[Site "Maria Enzersdorf"]
[Date "2017.11.19"]
[Round "4"]
[Board "4"]
[White "Kessler, Luca"]
[Black "Prusikin, Michael"]
[Result "1/2-1/2"]
[WhiteElo "2416"]
[BlackElo "2514"]
[PlyCount "62"]
[EventDate "2017.11.16"]
[EventType "team"]
[EventRounds "11"]
[EventCountry "AUT"]
[WhiteTeam "Schachclub Sparkasse Goetzis"]
[BlackTeam "SIR Royal Salzburg"]

1.c4 e5 2.g3 c6 3.d4 e4 4.Nc3 d5 5.Qb3 dxc4 6.Qxc4 b5 7.Qb3 Qxd4 8.Bg2 Nf6 9.Be3 Qb4
10.Nh3 Nd5 11.Bd2 Qxb3 12.axb3 Nxc3 13.Bxc3 f5 14.O-O b4 15.Bd4 c5 16.Be3 Bb7 17.f3
exf3 18.Rxf3 Nd7 19.Rxf5 Bxg2 20.Kxg2 a5 21.Nf4 Ra6 22.Rd1 Be7 23.Bg1 Rf8 24.Rfd5
Nf6 25.Re5 Nd7 26.Re4 Rf7 27.Ne6 Rc6 28.Ra1 Nf6 29.Re5 Ng4 30.Re4 Nf6 31.Re5 Ng4 1/2-1/2

[Event "1. Bundesliga 2017/2018"]
[Site "Maria Enzersdorf"]
[Date "2017.11.19"]
[Round "4"]
[Board "5"]
[White "Seyb, Alexander"]
[Black "Kvetny, Mark"]
[Result "1/2-1/2"]
[WhiteElo "2395"]
[BlackElo "2403"]
[PlyCount "60"]
[EventDate "2017.11.16"]
[EventType "team"]
[EventRounds "11"]
[EventCountry "AUT"]
[WhiteTeam "SIR Royal Salzburg"]
[BlackTeam "Schachclub Sparkasse Goetzis"]

1.e4 e5 2.Nf3 Nf6 3.Nxe5 d6 4.Nf3 Nxe4 5.d4 d5 6.Bd3 Nc6 7.O-O Be7 8.Nbd2 Nd6 9.c3
Bf5 10.Bxf5 Nxf5 11.Qb3 b6 12.Re1 Qd7 13.Nf1 O-O 14.Ng3 Nxg3 15.hxg3 f6 16.Re2 Na5
17.Qc2 Bd6 18.Bd2 Rae8 19.Rae1 Rxe2 20.Rxe2 c6 21.Bc1 Rf7 22.b3 Re7 23.Kf1 Rxe2 24.Qxe2
Kf7 25.g4 Qe7 26.Qxe7+ Kxe7 27.Ke2 Ke6 28.Kd3 Nb7 29.Be3 g5 30.Ne1 h6 1/2-1/2

[Event "1. Bundesliga 2017/2018"]
[Site "Maria Enzersdorf"]
[Date "2017.11.19"]
[Round "4"]
[Board "6"]
[White "Anistratov, Dmitrij"]
[Black "Hilverda, Alexander"]
[Result "1/2-1/2"]
[WhiteElo "2291"]
[BlackElo "2368"]
[PlyCount "186"]
[EventDate "2017.11.16"]
[EventType "team"]
[EventRounds "11"]
[EventCountry "AUT"]
[WhiteTeam "Schachclub Sparkasse Goetzis"]
[BlackTeam "SIR Royal Salzburg"]

1.d3 e5 2.Nf3 Nc6 3.e4 Nf6 4.Be2 d5 5.Nbd2 Bd6 6.O-O O-O 7.c3 Ne7 8.d4 dxe4 9.Nxe5
c5 10.Ndc4 cxd4 11.Nxd6 Qxd6 12.cxd4 Nf5 13.Be3 Be6 14.Qd2 Rfd8 15.Rfd1 Nd5 16.h3
Qb4 17.Bc4 Qxd2 18.Rxd2 Rac8 19.Bxd5 Rxd5 20.Ng4 Ra5 21.a3 Bb3 22.Nh2 Rd5 23.Nf1 Ne7
24.g4 f5 25.Ng3 g6 26.Ne2 Rd7 27.Nc3 Nc6 28.Kh2 Rcd8 29.gxf5 gxf5 30.Rg1+ Kf7 31.Ne2
Ne5 32.dxe5 Rxd2 33.Nf4 Rxb2 34.Rg5 b6 35.Rxf5+ Ke7 36.Rh5 Bg8 37.Rg5 Rf8 38.Rg7+
Ke8 39.Kg3 Rb5 40.e6 Re5 41.Rxa7 Rg5+ 42.Kh4 h6 43.Nh5 Rg6 44.Ng7+ Rxg7 45.Rxg7 Bxe6
46.Bxb6 Rf4+ 47.Kg3 Rf3+ 48.Kg2 Bxh3+ 49.Kh2 Bf1 50.Rg3 Rf6 51.Be3 h5 52.Rg8+ Kf7
53.Rg5 Be2 54.Kg3 Bg4 55.Bf4 Ra6 56.Bc1 Rf6 57.Re5 Rf3+ 58.Kg2 Rc3 59.Bb2 Rb3 60.Bc1
Bf3+ 61.Kg3 Kf6 62.Ra5 Bh1+ 63.Be3 Bf3 64.Ra6+ Kf5 65.Ra5+ Ke6 66.Ra6+ Kd5 67.Ra5+
Kc4 68.Rc5+ Kd3 69.a4 Ra3 70.a5 Ra1 71.Rd5+ Ke2 72.Rd2+ Kf1 73.Rd5 Bg4 74.Rc5 Ke2
75.Kf4 Bf3 76.Rc2+ Kd3 77.Rd2+ Kc4 78.Rd4+ Kb3 79.Rd5 h4 80.Rb5+ Kc4 81.Rc5+ Kb4 82.Rc8
h3 83.Kg3 Bg2 84.Rc1 Ra2 85.Rc8 Kb5 86.Rb8+ Ka6 87.Ra8+ Kb7 88.Ra7+ Kb8 89.a6 Bf1
90.Rb7+ Kc8 91.Rb1 Bxa6 92.Kxh3 Be2 93.Kg3 Ra6 1/2-1/2

[Event "1. Bundesliga 2017/2018"]
[Site "Maria Enzersdorf"]
[Date "2017.11.19"]
[Round "4"]
[Board "1"]
[White "Bindrich, Falko"]
[Black "Lenic, Luka"]
[Result "1-0"]
[WhiteElo "2588"]
[BlackElo "2653"]
[PlyCount "59"]
[EventDate "2017.11.16"]
[EventType "team"]
[EventRounds "11"]
[EventCountry "AUT"]
[WhiteTeam "SK Hohenems"]
[BlackTeam "SV Raika Rapid Feffernitz"]

1.d4 d5 2.c4 e6 3.Nf3 Nf6 4.g3 dxc4 5.Bg2 c6 6.Ne5 Bb4+ 7.Nc3 Nd5 8.Bd2 Nb6 9.Ne4
Bxd2+ 10.Qxd2 O-O 11.Rc1 N8d7 12.Nd6 Qe7 13.Ndxc4 Nxc4 14.Nxc4 e5 15.d5 cxd5 16.Qxd5
Qb4+ 17.Qd2 Qe7 18.Qd6 Re8 19.Rd1 Qf6 20.O-O Re6 21.Qc7 e4 22.Nd6 Qe5 23.Bh3 f5 24.Bxf5
Rxd6 25.Rxd6 Qxf5 26.Rfd1 e3 27.Qc4+ Kh8 28.fxe3 Nf8 29.Rf1 Be6 30.Rxe6 1-0

[Event "1. Bundesliga 2017/2018"]
[Site "Maria Enzersdorf"]
[Date "2017.11.19"]
[Round "4"]
[Board "2"]
[White "Danin, Alexandre"]
[Black "Martinovic, Sasa"]
[Result "1/2-1/2"]
[WhiteElo "2540"]
[BlackElo "2594"]
[PlyCount "60"]
[EventDate "2017.11.16"]
[EventType "team"]
[EventRounds "11"]
[EventCountry "AUT"]
[WhiteTeam "SV Raika Rapid Feffernitz"]
[BlackTeam "SK Hohenems"]

1.e4 e6 2.d4 d5 3.exd5 exd5 4.Nf3 Nf6 5.Bd3 Bd6 6.Qe2+ Be6 7.Ng5 Qe7 8.O-O Nc6 9.c3
Bg4 10.Qxe7+ Nxe7 11.Nd2 O-O 12.Ngf3 Rfe8 13.h3 Bf5 14.Bxf5 Nxf5 15.Re1 h5 16.Nf1
Ne4 17.Ng5 Nxg5 18.Bxg5 f6 19.Bd2 a5 20.a4 Kf7 21.Ne3 Nxe3 22.Rxe3 g5 23.Rxe8 Rxe8
24.Re1 Rxe1+ 25.Bxe1 c6 26.g4 hxg4 27.hxg4 Bf4 28.Kf1 Ke6 29.Ke2 b5 30.b3 Kd6 1/2-1/2

[Event "1. Bundesliga 2017/2018"]
[Site "Maria Enzersdorf"]
[Date "2017.11.19"]
[Round "4"]
[Board "3"]
[White "Baldauf, Marco"]
[Black "Schreiner, Peter"]
[Result "1-0"]
[WhiteElo "2481"]
[BlackElo "2465"]
[PlyCount "107"]
[EventDate "2017.11.16"]
[EventType "team"]
[EventRounds "11"]
[EventCountry "AUT"]
[WhiteTeam "SK Hohenems"]
[BlackTeam "SV Raika Rapid Feffernitz"]

1.d4 Nf6 2.c4 e6 3.Nc3 Bb4 4.Nf3 b6 5.Bd2 Bb7 6.g3 Bxf3 7.exf3 O-O 8.Bg2 d5 9.f4 Nc6
10.cxd5 exd5 11.Ne2 Bxd2+ 12.Qxd2 Ne7 13.Rc1 c6 14.O-O Qd6 15.Qd3 a5 16.Rc2 a4 17.Rfc1
a3 18.b3 Nd7 19.Kh1 Nb8 20.Ng1 Na6 21.Qd2 c5 22.Bf1 Rfc8 23.Bxa6 Rxa6 24.Nf3 Raa8
25.Kg1 g6 26.Rc3 Rc7 27.R1c2 c4 28.bxc4 dxc4 29.Rxc4 Rxc4 30.Rxc4 Qd5 31.Rc3 Nf5 32.Rd3
Nd6 33.Ne5 Kg7 34.Ng4 Nc4 35.Ne3 Nxd2 36.Nxd5 Nc4 37.Rc3 Ra4 38.Rb3 Nd2 39.Nxb6 Rxd4
40.Rxa3 Ne4 41.Ra4 Rd1+ 42.Kg2 Nc5 43.Ra7 Nd3 44.Nc4 Kf6 45.Ne5 Nxe5 46.fxe5+ Ke6
47.f4 Rd2+ 48.Kh3 h5 49.a4 Ra2 50.a5 g5 51.Ra6+ Kd5 52.fxg5 Kxe5 53.Rf6 Rxa5 54.Kh4 1-0

[Event "1. Bundesliga 2017/2018"]
[Site "Maria Enzersdorf"]
[Date "2017.11.19"]
[Round "4"]
[Board "4"]
[White "Sebenik, Matej"]
[Black "Henrichs, Thomas"]
[Result "1/2-1/2"]
[WhiteElo "2562"]
[BlackElo "2476"]
[PlyCount "59"]
[EventDate "2017.11.16"]
[EventType "team"]
[EventRounds "11"]
[EventCountry "AUT"]
[WhiteTeam "SV Raika Rapid Feffernitz"]
[BlackTeam "SK Hohenems"]

1.d4 Nf6 2.c4 e6 3.Nf3 d5 4.Nc3 Bb4 5.Qb3 c5 6.dxc5 Na6 7.a3 Bxc3+ 8.Qxc3 Nxc5 9.cxd5
Qxd5 10.Be3 Nce4 11.Qe5 Qxe5 12.Nxe5 Nd5 13.Bc1 Bd7 14.f3 Nc5 15.e4 Nb3 16.Rb1 Nb6
17.Be3 Rc8 18.Bxb6 axb6 19.Nc4 Rc6 20.Rd1 Ke7 21.e5 Ra8 22.Bd3 Ra4 23.Nd6 Rc5 24.O-O
Rd4 25.Rfe1 Bc6 26.Nc8+ Kd7 27.Nd6 Ke7 28.Nc8+ Kd7 29.Nd6 Ke7 30.Nc8+ 1/2-1/2

[Event "1. Bundesliga 2017/2018"]
[Site "Maria Enzersdorf"]
[Date "2017.11.19"]
[Round "4"]
[Board "5"]
[White "Froewis, Georg"]
[Black "Zorko, Jure"]
[Result "1/2-1/2"]
[WhiteElo "2438"]
[BlackElo "2462"]
[PlyCount "60"]
[EventDate "2017.11.16"]
[EventType "team"]
[EventRounds "11"]
[EventCountry "AUT"]
[WhiteTeam "SK Hohenems"]
[BlackTeam "SV Raika Rapid Feffernitz"]

1.Nf3 d5 2.g3 c6 3.Bg2 Bg4 4.c4 e6 5.cxd5 Bxf3 6.Bxf3 cxd5 7.d3 Nf6 8.O-O Nc6 9.e4
dxe4 10.dxe4 Bc5 11.Nc3 O-O 12.Bg5 h6 13.Qxd8 Rfxd8 14.Bxf6 gxf6 15.Rac1 Bd4 16.Na4
Ne5 17.Be2 a6 18.Rfd1 b5 19.Nc3 Bxc3 20.Rxc3 Rxd1+ 21.Bxd1 Rd8 22.Bh5 Rd2 23.Rc8+
Kg7 24.Ra8 f5 25.f4 Ng4 26.Ra7 Rd1+ 27.Kg2 Rd2+ 28.Kg1 Rd1+ 29.Kg2 Rd2+ 30.Kg1 Rd1+ 1/2-1/2

[Event "1. Bundesliga 2017/2018"]
[Site "Maria Enzersdorf"]
[Date "2017.11.19"]
[Round "4"]
[Board "6"]
[White "Pacher, Simon"]
[Black "Baenziger, Fabian"]
[Result "0-1"]
[WhiteElo "2076"]
[BlackElo "2365"]
[PlyCount "70"]
[EventDate "2017.11.16"]
[EventType "team"]
[EventRounds "11"]
[EventCountry "AUT"]
[WhiteTeam "SV Raika Rapid Feffernitz"]
[BlackTeam "SK Hohenems"]

1.e4 c5 2.Nf3 e6 3.c3 d5 4.exd5 Qxd5 5.d4 Nf6 6.Na3 a6 7.Nc4 Nbd7 8.a4 b6 9.Be2 Bb7
10.Bf4 cxd4 11.Qxd4 Bc5 12.Qxd5 Nxd5 13.Bd6 b5 14.axb5 axb5 15.Rxa8+ Bxa8 16.Bxc5
Nxc5 17.Nd6+ Ke7 18.Nxb5 Nf4 19.b4 Ne4 20.Rg1 Nd5 21.Bd3 Nexc3 22.Nxc3 Nxc3 23.Kd2
Nd5 24.Rb1 Rd8 25.Ne1 e5 26.Kc1 e4 27.Be2 f5 28.Rb3 Kf6 29.b5 Ke5 30.Nc2 f4 31.g3
g5 32.Na3 Nb6 33.Rb4 Bd5 34.Nc4+ Bxc4 35.Bxc4 Rc8 0-1

[Event "1. Bundesliga 2017/2018"]
[Site "Maria Enzersdorf"]
[Date "2017.11.19"]
[Round "4"]
[Board "1"]
[White "Ragger, Markus"]
[Black "Schneider, Ilja"]
[Result "1-0"]
[WhiteElo "2673"]
[BlackElo "2513"]
[PlyCount "57"]
[EventDate "2017.11.16"]
[EventType "team"]
[EventRounds "11"]
[EventCountry "AUT"]
[WhiteTeam "SC MPOE Maria Saal"]
[BlackTeam "ASVOE Wulkaprodersdorf"]

1.e4 e5 2.Nf3 d6 3.d4 exd4 4.Nxd4 Nf6 5.Nc3 Be7 6.Bf4 O-O 7.Qd2 d5 8.Ndb5 Bb4 9.O-O-O
c6 10.Nc7 Nxe4 11.Qd4 Bxc3 12.bxc3 Qe7 13.c4 Qa3+ 14.Qb2 Qa5 15.cxd5 Nxf2 16.Be2 Na6
17.Nxa8 Nxh1 18.Rxh1 Re8 19.Bd2 Qxd5 20.Bxa6 bxa6 21.Nc7 Qxg2 22.Rd1 Rd8 23.Qe5 Bg4
24.Qe7 Rc8 25.Re1 h6 26.Ne8 Qd5 27.Bc3 Rb8 28.Bxg7 Qxa2 29.Qf8+ 1-0

[Event "1. Bundesliga 2017/2018"]
[Site "Maria Enzersdorf"]
[Date "2017.11.19"]
[Round "4"]
[Board "2"]
[White "Nagy, Gabor"]
[Black "Predojevic, Borki"]
[Result "1/2-1/2"]
[WhiteElo "2481"]
[BlackElo "2640"]
[PlyCount "53"]
[EventDate "2017.11.16"]
[EventType "team"]
[EventRounds "11"]
[EventCountry "AUT"]
[WhiteTeam "ASVOE Wulkaprodersdorf"]
[BlackTeam "SC MPOE Maria Saal"]

1.e4 e5 2.Nf3 Nc6 3.Nc3 Nf6 4.d4 exd4 5.Nxd4 Bb4 6.Nxc6 bxc6 7.Bd3 O-O 8.O-O Re8 9.Bg5
h6 10.Bh4 g5 11.Bg3 Bxc3 12.bxc3 Nxe4 13.Qh5 d6 14.f4 Bf5 15.Bxe4 Bxe4 16.fxg5 Qxg5
17.Qxf7+ Kh8 18.Qxc7 Bxg2 19.Kxg2 Re2+ 20.Rf2 Rxf2+ 21.Kxf2 Rf8+ 22.Kg2 Qd5+ 23.Kg1
Qc5+ 24.Kg2 Qd5+ 25.Kg1 Qc5+ 26.Kg2 Qd5+ 27.Kg1 1/2-1/2

[Event "1. Bundesliga 2017/2018"]
[Site "Maria Enzersdorf"]
[Date "2017.11.19"]
[Round "4"]
[Board "3"]
[White "Naumann, Alexander"]
[Black "Yankelevich, Lev"]
[Result "1-0"]
[WhiteElo "2551"]
[BlackElo "2411"]
[PlyCount "103"]
[EventDate "2017.11.16"]
[EventType "team"]
[EventRounds "11"]
[EventCountry "AUT"]
[WhiteTeam "SC MPOE Maria Saal"]
[BlackTeam "ASVOE Wulkaprodersdorf"]

1.e4 c5 2.Nf3 Nc6 3.Bb5 g6 4.Bxc6 bxc6 5.O-O Bg7 6.Re1 Nh6 7.c3 O-O 8.d4 cxd4 9.cxd4
d5 10.e5 f6 11.h3 fxe5 12.Nxe5 Qb6 13.Bxh6 Bxh6 14.Qc2 Bf5 15.Qc3 Rac8 16.b4 a5 17.a3
axb4 18.axb4 Rc7 19.Nd2 Rb8 20.Ra4 Qb5 21.Rea1 Qe2 22.Nb3 Bf4 23.Nc5 Rcc8 24.R4a2
Qb5 25.Rb2 Ra8 26.Ra5 Qb6 27.g4 Bxe5 28.dxe5 Be4 29.f3 d4 30.Qa3 Rab8 31.Nxe4 d3+
32.Rc5 Rd8 33.Rd2 Rd4 34.Qb3+ Kh8 35.Qc3 Rxb4 36.Kg2 Rb3 37.Qd4 Rb4 38.Qc3 Rb3 39.Qd4
Rb4 40.Qe3 Rd8 41.e6 Ra4 42.Qg5 Qa7 43.Rc1 Rf8 44.Qc5 Qb8 45.Qc3+ Kg8 46.Qxd3 Qf4
47.Re1 h5 48.Qe3 Qe5 49.Nc5 Qxe3 50.Rxe3 Rc4 51.Nd7 Ra8 52.Nb6 1-0

[Event "1. Bundesliga 2017/2018"]
[Site "Maria Enzersdorf"]
[Date "2017.11.19"]
[Round "4"]
[Board "4"]
[White "Mesaros, Florian"]
[Black "Buhmann, Rainer"]
[Result "0-1"]
[WhiteElo "2424"]
[BlackElo "2589"]
[PlyCount "120"]
[EventDate "2017.11.16"]
[EventType "team"]
[EventRounds "11"]
[EventCountry "AUT"]
[WhiteTeam "ASVOE Wulkaprodersdorf"]
[BlackTeam "SC MPOE Maria Saal"]

1.Nf3 d5 2.d4 Nf6 3.c4 e6 4.Nc3 c5 5.cxd5 Nxd5 6.e4 Nxc3 7.bxc3 cxd4 8.cxd4 Bb4+ 9.Bd2
Bxd2+ 10.Qxd2 O-O 11.Bc4 Nd7 12.O-O b6 13.e5 Bb7 14.Qe3 Rc8 15.Bd3 h6 16.Nd2 Qg5 17.Be4
Qxe3 18.fxe3 Bxe4 19.Nxe4 f6 20.exf6 Nxf6 21.Nxf6+ gxf6 22.Rac1 Kf7 23.Kf2 Ke7 24.g4
Rxc1 25.Rxc1 Kd6 26.Ke2 Rg8 27.Kf3 Rg5 28.h4 Ra5 29.Rc2 Ra4 30.Ke4 b5 31.Rf2 Ke7 32.Rc2
b4 33.Re2 Ra3 34.d5 Ra4 35.Kd3 exd5 36.e4 Kd6 37.exd5 Kxd5 38.Ke3 a5 39.Rf2 Ke5 40.Kd3
Ra3+ 41.Kc4 Rg3 42.Rf5+ Ke6 43.Rf4 Re3 44.Kc5 Re2 45.a4 bxa3 46.Ra4 a2 47.Kd4 Rg2
48.Rxa5 Rxg4+ 49.Ke3 Rg2 50.Ke4 h5 51.Ra6+ Kd7 52.Kf5 Kc7 53.Kxf6 Kb7 54.Ra3 Kc6 55.Ke5
Kc5 56.Ke4 Kb4 57.Ra8 Kc3 58.Kf3 Rh2 59.Kf4 Rxh4+ 60.Kg3 Rg4+ 0-1

[Event "1. Bundesliga 2017/2018"]
[Site "Maria Enzersdorf"]
[Date "2017.11.19"]
[Round "4"]
[Board "5"]
[White "Halvax, Georg"]
[Black "Volkmann, Friedrich Karl"]
[Result "1/2-1/2"]
[WhiteElo "2434"]
[BlackElo "2403"]
[PlyCount "96"]
[EventDate "2017.11.16"]
[EventType "team"]
[EventRounds "11"]
[EventCountry "AUT"]
[WhiteTeam "SC MPOE Maria Saal"]
[BlackTeam "ASVOE Wulkaprodersdorf"]

1.e4 c5 2.Nf3 e6 3.d4 cxd4 4.Nxd4 Nf6 5.Nc3 Bb4 6.e5 Nd5 7.Bd2 Nxc3 8.bxc3 Be7 9.Qg4
g6 10.Bd3 Nc6 11.Nxc6 bxc6 12.O-O Qa5 13.Qf4 O-O 14.c4 Qc7 15.Rae1 f5 16.exf6 Qxf4
17.Bxf4 Rxf6 18.Bg5 Rf7 19.Bxe7 Rxe7 20.c5 Kf8 21.Rb1 d5 22.cxd6 Rd7 23.Rb4 Rxd6 24.Rfb1
Rd7 25.Rb8 Rxb8 26.Rxb8 Rd8 27.Ra8 Ke7 28.Rxa7+ Bd7 29.a4 Kd6 30.a5 Rb8 31.f3 Rb4
32.a6 Ra4 33.Ra8 e5 34.g4 c5 35.Rh8 Bc6 36.Kf2 c4 37.Be2 Kc5 38.Rxh7 Rxa6 39.Rg7 Ra2
40.Rxg6 Rxc2 41.h4 c3 42.Ke3 Rb2 43.Bd3 Rh2 44.Re6 e4 45.fxe4 Rh3+ 46.Ke2 Rh2+ 47.Ke3
Rh3+ 48.Ke2 Rh2+ 1/2-1/2

[Event "1. Bundesliga 2017/2018"]
[Site "Maria Enzersdorf"]
[Date "2017.11.19"]
[Round "4"]
[Board "6"]
[White "Wallner, Joachim"]
[Black "Kreisl, Robert"]
[Result "1/2-1/2"]
[WhiteElo "2311"]
[BlackElo "2406"]
[PlyCount "54"]
[EventDate "2017.11.16"]
[EventType "team"]
[EventRounds "11"]
[EventCountry "AUT"]
[WhiteTeam "ASVOE Wulkaprodersdorf"]
[BlackTeam "SC MPOE Maria Saal"]

1.Nf3 Nf6 2.c4 e6 3.b3 b6 4.g3 Bb7 5.Bg2 c5 6.Bb2 Be7 7.O-O O-O 8.Nc3 d5 9.cxd5 Nxd5
10.Nxd5 Qxd5 11.d3 Nc6 12.Ne5 Qd6 13.Nxc6 Bxc6 14.Bxc6 Qxc6 15.Qc2 Rfd8 16.Qc4 Rd5
17.a4 Bf6 18.Bxf6 gxf6 19.Rfc1 a5 20.Qh4 Kg7 21.Rc4 h6 22.Rf1 Qd6 23.Rfc1 Rd8 24.Kg2
Rd7 25.Kg1 Rd8 26.Kg2 Rd7 27.Kg1 Rd8 1/2-1/2

[Event "1. Bundesliga 2017/2018"]
[Site "Maria Enzersdorf"]
[Date "2017.11.19"]
[Round "4"]
[Board "1"]
[White "Maslik, Miroslav"]
[Black "Bosiocic, Marin"]
[Result "0-1"]
[WhiteElo "2347"]
[BlackElo "2605"]
[PlyCount "128"]
[EventDate "2017.11.16"]
[EventType "team"]
[EventRounds "11"]
[EventCountry "AUT"]
[WhiteTeam "ASVOE Pamhagen"]
[BlackTeam "SV Pillenkoenig St. Veit"]

1.d4 Nf6 2.c4 e6 3.Nf3 a6 4.g3 b5 5.b3 Bb7 6.Bg2 Be7 7.O-O O-O 8.Bb2 Ra7 9.Qc2 bxc4
10.bxc4 c5 11.dxc5 Be4 12.Qc1 Nc6 13.Nbd2 Bg6 14.Nb3 Qb8 15.Nfd4 Nb4 16.c6 Rc8 17.a3
Nxc6 18.Nxc6 dxc6 19.Na5 Qb6 20.Bc3 Ne4 21.Qb2 Qxb2 22.Bxb2 f6 23.Rfd1 e5 24.Bh3 Rcc7
25.Rd3 Ng5 26.Bg2 Bxd3 27.exd3 Bc5 28.Nxc6 Rab7 29.Bd5+ Kf8 30.Bc3 Rb6 31.h4 Nh3+
32.Kg2 Nxf2 33.d4 exd4 34.Nxd4 Re7 35.Kxf2 Rb3 36.Kg2 Rxc3 37.Ne6+ Rxe6 38.Bxe6 Rxa3
39.Rd1 Re3 40.Bc8 a5 41.Rd5 Re5 42.Rd8+ Re8 43.Rxe8+ Kxe8 44.Bf5 g6 45.Bc2 Ke7 46.Kf3
Ke6 47.g4 Ke5 48.h5 gxh5 49.gxh5 h6 50.Ba4 f5 51.Bb5 f4 52.Ba4 Bd6 53.Bc6 Kd4 54.Bb5
Bc7 55.Ke2 Kc5 56.Kd3 Kb4 57.Bc6 a4 58.Bd5 a3 59.c5 Kxc5 60.Ba2 Kd6 61.Ke4 Ke7 62.Kf3
Kf6 63.Bb3 Ke5 64.Ke2 Kd4 0-1

[Event "1. Bundesliga 2017/2018"]
[Site "Maria Enzersdorf"]
[Date "2017.11.19"]
[Round "4"]
[Board "2"]
[White "Brkic, Ante"]
[Black "Rubil, Marko"]
[Result "1-0"]
[WhiteElo "2596"]
[BlackElo "2231"]
[PlyCount "57"]
[EventDate "2017.11.16"]
[EventType "team"]
[EventRounds "11"]
[EventCountry "AUT"]
[WhiteTeam "SV Pillenkoenig St. Veit"]
[BlackTeam "ASVOE Pamhagen"]

1.e4 e5 2.Nf3 Nc6 3.Nc3 Nf6 4.Bb5 Bd6 5.a3 O-O 6.d3 Re8 7.g4 Bc5 8.g5 Ng4 9.Rf1 Nxf2
10.Rxf2 Bxf2+ 11.Kxf2 Nd4 12.Nxd4 exd4 13.Ne2 c6 14.Ba4 f5 15.Bb3+ Kh8 16.Ng3 Rf8
17.e5 f4 18.Ne4 Qe7 19.Nd6 Qxg5 20.Qf3 Qh4+ 21.Kg2 g5 22.Bd2 b6 23.h3 h5 24.Be1 g4
25.Bxh4 gxf3+ 26.Kxf3 Rb8 27.Bf6+ Kh7 28.Rg1 Bb7 29.Rg7+ 1-0

[Event "1. Bundesliga 2017/2018"]
[Site "Maria Enzersdorf"]
[Date "2017.11.19"]
[Round "4"]
[Board "3"]
[White "Horvath, Dominik"]
[Black "Kuljasevic, Davorin"]
[Result "0-1"]
[WhiteElo "2383"]
[BlackElo "2538"]
[PlyCount "92"]
[EventDate "2017.11.16"]
[EventType "team"]
[EventRounds "11"]
[EventCountry "AUT"]
[WhiteTeam "ASVOE Pamhagen"]
[BlackTeam "SV Pillenkoenig St. Veit"]

1.Nf3 Nf6 2.c4 e6 3.Nc3 d5 4.d4 a6 5.cxd5 exd5 6.Bf4 Bd6 7.Bg3 O-O 8.e3 Bf5 9.Bd3
Bxd3 10.Qxd3 c6 11.Ne5 Qe7 12.O-O Nh5 13.f4 Nxg3 14.hxg3 Nd7 15.e4 Nf6 16.exd5 c5
17.Kh1 cxd4 18.Qxd4 Bc5 19.Qd3 Rad8 20.Rad1 Rd6 21.Nf3 Ng4 22.Ne4 Rh6+ 23.Nh4 Ne3
24.Nxc5 Nxf1 25.d6 Rxd6 26.Qxd6 Nxg3+ 27.Kg1 Qxh4 28.Re1 h5 29.Nxb7 Qh1+ 30.Kf2 Qh4
31.Kg1 Rc8 32.Qd2 Qh1+ 33.Kf2 Qh4 34.Kg1 Qf6 35.b4 h4 36.Nc5 Rd8 37.Qe3 Qb2 38.Nxa6
Rd2 39.Qf3 Qd4+ 40.Kh2 Rf2 41.Rd1 Rxf3 42.Rxd4 Rf1 43.Kh3 f5 44.Kxh4 Ne4 45.Rd3 Rxf4+
46.Kh5 Rg4 0-1